Humoriste français - Statistiques

Statistiques générales
  • Ce quiz a été pris 117 fois
  • Le résultat moyen est 7 sur 9
Statistiques - réponses
Par images Réponse % Correct
Jamel Debbouze
91%
Jarry
91%
Florence Foresti
85%
Arnaud Tsamere
84%
Jérémy Ferrari
83%
Jérôme Commandeur
82%
Muriel robin
68%
Kyan khojandi
62%
Bérangère krief
40%
Aucun quiz correspondant
Distribution des résultats
% des personnes avec chaque résultat
Percentile par nombre de réponses
Votre historique - résultats
Vous n’avez pas pris ce quiz